All Bruce Springsteen Songs - Statistics

General Stats
  • This quiz has been taken 787 times
    157 since last reset
  • The average score is 128 of 524
Answer Stats
Album Track % Correct
Born to Run Born to Run
98%
Born in the U.S.A | Nebraska '82 Born in the U.S.A.
92%
Tracks Born in the U.S.A. (Demo Version)
92%
Nebraska | Nebraska '82 Nebraska
88%
The River The River
88%
Born to Run Thunder Road
88%
Born to Run Jungleland
82%
Born in the U.S.A I'm on Fire
78%
Born to Run Tenth Avenue Freeze-out
78%
The Rising The Rising
78%
Born in the U.S.A Dancing in the Dark
77%
Darkness on the Edge of Town Darkness on the Edge of Town
77%
Born in the U.S.A Glory Days
77%
The River Hungry Heart
77%
18 Tracks | The Promise The Promise
77%
Human Touch Human Touch
75%
High Hopes | The Ghost of Tom Joad The Ghost of Tom Joad
75%
Darkness on the Edge of Town Badlands
74%
Born to Run Night
74%
Nebraska | Nebraska '82 Atlantic City
72%
Greetings from Asbury Park, NJ Blinded by the Light
72%
Born in the U.S.A | L.A. Garage Sessions '83 My Hometown
71%
Greatest Hits Streets of Philadelphia
71%
Lucky Town Lucky Town
69%
Born in the U.S.A Bobby Jean
68%
The Wild, The Innocent Rosalita (Come out Tonight)
68%
The River The Ties That Bind
68%
Tunnel of Love Tunnel of Love
68%
Working on a Dream Working on a Dream
68%
Wrecking Ball Wrecking Ball
68%
Magic Magic
65%
Darkness on the Edge of Town The Promised Land
65%
Born to Run Backstreets
63%
Born in the U.S.A Darlington County
63%
Letter to You Letter to You
63%
The Wild, The Innocent The E Street Shuffle
62%
Born to Run She's the One
60%
Nebraska | Nebraska '82 Johnny 99
58%
Greetings from Asbury Park, NJ Spirit in the Night
58%
Born in the U.S.A | Nebraska '82 Working on the Highway
58%
Born in the U.S.A Cover Me
57%
Born in the U.S.A | Nebraska '82 Downbound Train
57%
Blood Brothers | High Hopes High Hopes
57%
Born in the U.S.A I'm Goin' Down
57%
Born to Run Meeting Across the River
57%
Born in the U.S.A No Surrender
57%
The River Cadillac Ranch
55%
Greetings from Asbury Park, NJ Growin' Up
55%
Tracks Growin' Up (Demo Version)
55%
Magic Radio Nowhere
55%
The River Two Hearts
55%
Devils & Dust Devils & Dust
54%
Western Stars Western Stars
54%
Darkness on the Edge of Town Adam Raised a Cain
52%
Lucky Town Better Days
52%
The River Independence Day
52%
Tunnel of Love Brilliant Disguise
51%
Greetings from Asbury Park, NJ Lost in the Flood
51%
Greetings from Asbury Park, NJ Mary Queen of Arkansas
49%
Tracks Mary Queen of Arkansas (Demo Version)
49%
The Wild, The Innocent New York City Serenade
49%
The River Out in the Street
49%
Darkness on the Edge of Town Prove It All Night
49%
The Promise Racing in the Street ('78)
49%
Darkness on the Edge of Town Racing in the Streets
49%
Darkness on the Edge of Town Factory
48%
Nebraska | Nebraska '82 Mansion on the Hill
48%
Darkness on the Edge of Town Streets of Fire
48%
The Rising Waitin' on a Sunny Day
48%
Greatest Hits Blood Brothers
46%
Blood Brothers Blood Brothers (alternate rock version)
46%
Live In New York Ciy | Wrecking Ball Land of Hope and Dreams
46%
The Rising Mary's Place
46%
Greatest Hits | Streets of Philadelphia Sessions Secret Garden
46%
Blood Brothers Secret Garden (string version)
46%
The River Sherry Darling
46%
Darkness on the Edge of Town Something in the Night
46%
Darkness on the Edge of Town Candy's Room
45%
Nebraska Highway Patrolman
45%
Nebraska My Father's House
45%
Tunnel of Love Tougher Than the Rest
45%
We Shall Overcome We Shall Overcome
45%
Chimes of Freedom Chimes of Freedom
43%
Wrecking Ball Death to My Hometown
43%
The River Drive All Night
43%
Live 1975–86 | The Promise Fire
43%
Greetings from Asbury Park, NJ For You
43%
Greetings from Asbury Park, NJ It's Hard to Be a Saint in the City
43%
Tracks It's Hard to Be a Saint in the City (Demo Version)
43%
The Rising Lonesome Day
43%
The Rising My City of Ruins
43%
The Wild, The Innocent 4th of July, Asbury Park (Sandy)
42%
We Shall Overcome | Wrecking Ball American Land
42%
High Hopes | Live In New York Ciy American Skin (41 Shots)
42%
Greetings from Asbury Park, NJ Does This Bus Stop at 82nd Street?
42%
Tracks Does This Bus Stop at 82nd Street? (Demo Version)
42%
The Wild, The Innocent Kitty's Back
42%
Only the Strong Survive Nightshift
42%
The River Point Blank
42%
Working on a Dream Queen of the Supermarket
42%
The River Ramrod
42%
The Rising Into the Fire
40%
Magic Long Walk Home
40%
Tunnel of Love One Step Up
40%
Only the Strong Survive Only the Strong Survive
40%
Nebraska '82 | Tracks Pink Cadillac
40%
Nebraska | Nebraska '82 Reason to Believe
40%
Nebraska State Trooper
40%
Letter to You Ghosts
38%
Tunnel of Love Ain't Got You
37%
The Wild, The Innocent Incident on 57th Street
37%
The River I Wanna Marry You
37%
Greetings from Asbury Park, NJ The Angel
37%
The River Wreck on the Highway
37%
Human Touch 57 Channels (And Nothin' On)
35%
The River Crush on You
35%
Magic Girls in Their Summer Clothes
35%
Lucky Town If I Should Fall Behind
35%
Letter to You I'll See You in My Dreams
35%
The Wild, The Innocent Wild Billy's Circus Story
35%
The River You Can Look (But You Better Not Touch)
35%
The Rising You're Missing
35%
The Promise Because the Night
34%
The Rising Paradise
34%
Working on a Dream The Wrestler
34%
Greatest Hits | Tracks This Hard Land
34%
Nebraska Used Cars
34%
The River I'm a Rocker
32%
The River Jackson Cage
32%
Human Touch Man's Job
32%
Nebraska | Nebraska '82 Open All Night
32%
The River Stolen Car
32%
Tracks Stolen Car (alternate version)
32%
The River The Price You Pay
32%
Wrecking Ball We Take Care of Our Own
32%
The Ghost of Tom Joad Youngstown
32%
Faithless Faithless
31%
Letter to You Last Man Standing
31%
Lucky Town Local Hero
31%
Greatest Hits Murder Incorporated
31%
Blood Brothers Murder Incorporated (Live)
31%
Working on a Dream Outlaw Pete
31%
Wrecking Ball Shackled and Drawn
31%
Somewhere North of Nashville | Western Stars Somewhere North of Nashville
31%
American Beauty American Beauty
29%
The Rising Empty Sky
29%
The Rising Nothing Man
29%
Human Touch Roll of the Dice
29%
Tunnel of Love All That Heaven Will Allow
28%
Letter to You House of a Thousand Guitars
28%
Live 1975–91 Jersey Girl
28%
Tunnel of Love Valentine's Day
28%
Magic Devil's Arcade
26%
The River Fade Away
26%
Live 1975–90 War
26%
Only the Strong Survive Do I Love You (Indeed I Do)
25%
High Hopes Dream Baby Dream
25%
Wrecking Ball Easy Money
25%
Magic I'll Work for Your Love
25%
Devils & Dust Leah
25%
Human Touch Pony Boy
25%
Human Touch Real Man
25%
Working on a Dream Surprise, Surprise
25%
Magic Terry's Song
25%
Western Stars Tucson Train
25%
Tunnel of Love Two Faces
25%
Tracks Frankie
23%
Magic Gypsy Biker
23%
Wrecking Ball Jack of All Trades
23%
The Rising Let's Be Friends (Skin to Skin)
23%
Human Touch Real World
23%
Tunnel of Love Spare Parts
23%
Tunnel of Love Walk Like a Man
23%
The Rising Worlds Apart
23%
Magic Your Own Worst Enemy
23%
Lucky Town Book of Dreams
22%
Letter to You Burnin' Train
22%
The Rising Further On (Up the Road)
22%
Human Touch Gloria's Eyes
22%
Inyo Inyo
22%
Lucky Town Leap of Faith
22%
Lucky Town Living Proof
22%
Magic Livin' in the Future
22%
Devils & Dust Long Time Comin'
22%
Working on a Dream My Lucky Day
22%
Devils & Dust Reno
22%
Tracks Sad Eyes
22%
Lucky Town Souls of the Departed
22%
Lucky Town The Big Muddy
22%
The Rising The Fuse
22%
Human Touch All or Nothin' at All
20%
Tracks Brothers Under the Bridge '95
20%
Tracks Brothers Under the Bridges '83
20%
Western Stars Chasin' Wild Horses
20%
Western Stars Hitch Hikin'
20%
Letter to You If I Was the Priest
20%
Tracks My Love Will Not Let You Down
20%
We Shall Overcome Old Dan Tucker
20%
Perfect World Perfect World
20%
Perfect World Rain in the River
20%
Letter to You Rainmaker
20%
The Ghost of Tom Joad Sinaloa Cowboys
20%
Western Stars Sleepy Joe's Café
20%
Human Touch Soul Driver
20%
Western Stars There Goes My Miracle
20%
Live 1975–88 This Land Is Your Land
20%
Twilight Hours Twilight Hours
20%
Devils & Dust Black Cowboys
18%
Streets of Philadelphia Sessions Blind Spot
18%
Tunnel of Love Cautious Man
18%
The Rising Countin' on a Miracle
18%
The Essential Countin' on a Miracle (Acoustic version)
18%
Human Touch Cross My Heart
18%
The Ghost of Tom Joad Galveston Bay
18%
Human Touch I Wish I Were Blind
18%
Letter to You Janey Needs a Shooter Now
18%
Working on a Dream Kingdom of Days
18%
Magic Last to Die
18%
We Shall Overcome Pay Me My Money Down
18%
In Concert/MTV Plugged Red Headed Woman
18%
Wrecking Ball Rocky Ground
18%
Tracks The Wish
18%
Wrecking Ball This Depression
18%
Wrecking Ball We Are Alive
18%
Tunnel of Love When You're Alone
18%
Tracks Cynthia
17%
Western Stars Hello Sunshine
17%
In Concert/MTV Plugged Light of Day
17%
Tracks Loose Ends
17%
The Essential Missing
17%
Letter to You One Minute You're Here
17%
Tracks Seaside Bar Song
17%
Live 1975–89 Seeds
17%
Only the Strong Survive Someday We'll Be Together
17%
The Promise Someday (We'll Be Together)
17%
Western Stars Stones
17%
Wrecking Ball Swallowed Up (In the Belly of the Whale)
17%
Human Touch The Long Goodbye
17%
The Promise The Way (hidden track)
17%
Tracks Thundercrack
17%
The Ties that Bind | Tracks Where the Bands Are
17%
Magic You'll Be Comin' Down
17%
The Ghost of Tom Joad Across the Border
15%
Chimes of Freedom | Tracks Be True
15%
Western Stars Drive Fast (The Stuntman)
15%
High Hopes Harry's Place
15%
Devils & Dust Jesus Was an Only Son
15%
Tracks Johnny Bye-Bye
15%
L.A. Garage Sessions '83 Johnny Bye Bye
15%
Devils & Dust Matamoros Banks
15%
Lucky Town My Beautiful Reward
15%
The Ghost of Tom Joad My Best Was Never Good Enough
15%
Live 1975–85 Paradise by the "C"
15%
The Ties that Bind Paradise by the C
15%
Tracks Part Man, Part Monkey
15%
Devils & Dust Silver Palomino
15%
Letter to You Song for Orphans
15%
18 Tracks The Fever
15%
Letter to You The Power of Prayer
15%
Western Stars The Wayfarer
15%
Human Touch With Every Wish
15%
Tracks Car Wash
14%
Hammersmith Odeon, London '75 Detroit Medley
14%
Working on a Dream Good Eye
14%
The Ghost of Tom Joad Highway 29
14%
Tracks Janey, Don't You Lose Heart
14%
Somewhere North of Nashville Janey Don't You Lose Heart
14%
We Shall Overcome John Henry
14%
Tracks Linda Let Me Be the One
14%
The Ties that Bind Meet Me in the City
14%
Western Stars Moonlight Motel
14%
Somewhere North of Nashville Repo Man
14%
The Ghost of Tom Joad The Line
14%
The Essential Trapped
14%
Working on a Dream What Love Can Do
14%
Wrecking Ball You've Got It
14%
Devils & Dust All the Way Home
12%
Tracks Back in Your Arms
12%
The Ghost of Tom Joad Balboa Park
12%
The Promise Candy's Boy
12%
The Promise City of Night
12%
L.A. Garage Sessions '83 | The Essential County Fair
12%
High Hopes Frankie Fell in Love
12%
Tracks Iceman
12%
Twilight Hours I'll Stand by You
12%
We Shall Overcome Jacob's Ladder
12%
Working on a Dream Life Itself
12%
The Ties that Bind | Tracks Living on the Edge of the World
12%
Devils & Dust Maria's Bed
12%
Hammersmith Odeon, London '75 Quarter to Three
12%
The Promise | Tracks Rendezvous
12%
The Ties that Bind | Tracks Roulette
12%
Devils & Dust The Hitter
12%
Working on a Dream The Last Carnival
12%
Working on a Dream Tomorrow Never Knows
12%
Tracks TV Movie
12%
Inyo Adelita
11%
The Promise Ain't Good Enough for You
11%
Devils & Dust All I'm Thinkin' About
11%
We Shall Overcome Buffalo Gals
11%
The Promise Come On (Let's Go Tonight)
11%
The Ghost of Tom Joad Dry Lightning
11%
We Shall Overcome Erie Canal
11%
We Shall Overcome Froggie Went A-Courtin'
11%
Tracks Happy
11%
Tracks Hearts of Stone
11%
Chapter and Verse He's Guilty (The Judge Song) (Steel Mill)
11%
American Beauty Hey Blue Eyes
11%
American Beauty Hurry up Sundown
11%
We Shall Overcome Jesse James
11%
American Beauty Mary Mary
11%
We Shall Overcome Mrs. McGrath
11%
We Shall Overcome My Oklahoma Home
11%
We Shall Overcome O Mary Don't You Weep
11%
Live 1975–87 Raise Your Hand
11%
Tracks Santa Ana
11%
We Shall Overcome Shenandoah
11%
Western Stars Sundown
11%
Tracks Take 'Em as They Come
11%
The Ties that Bind Take 'em As They Come
11%
Working on a Dream This Life
11%
The Essential Viva Las Vegas
11%
Tracks A Good Man Is Hard to Find (Pittsburgh)
9%
The Promise Breakaway
9%
We Shall Overcome Bring 'Em Home
9%
The Essential Dead Man Walkin'
9%
Only the Strong Survive Don't Play That Song
9%
We Shall Overcome Eyes on the Prize
9%
We Shall Overcome How Can a Poor Man Stand Such Times and Live?
9%
High Hopes Hunter of Invisible Game
9%
The Ties that Bind | Tracks I Wanna Be with You
9%
High Hopes Just Like Fire Would
9%
The Essential Lift Me Up
9%
Tracks Lucky Man
9%
Faithless My Master's Hand
9%
Faithless My Master's Hand (Theme)
9%
The Promise Outside Looking In
9%
The Ties that Bind | Tracks Restless Nights
9%
Tracks Rockaway the Days
9%
Tracks So Young and in Love
9%
Somewhere North of Nashville Stand on It
9%
Tracks Stand on It (alternative version)
9%
Chapter and Verse The Ballad of Jesse James (The Bruce Springsteen Band)
9%
The Promise The Brokenhearted
9%
L.A. Garage Sessions '83 The Klansman
9%
High Hopes The Wall
9%
L.A. Garage Sessions '83 Unsatisfied Heart
9%
Only the Strong Survive What Becomes of the Brokenhearted
9%
Live in Dublin When the Saints Go Marching In
9%
The Promise Wrong Side of the Street
9%
Working on a Dream A Night with the Jersey Devil
8%
Inyo Ciudad Juarez
8%
The Essential Code of Silence
8%
The Ties that Bind | Tracks Dollhouse
8%
Tracks Don't Look Back
8%
High Hopes Down in the Hole
8%
L.A. Garage Sessions '83 Follow That Dream
8%
High Hopes Heaven's Wall
8%
Chapter and Verse Henry Boy
8%
We Shall Overcome How Can I Keep from Singing?
8%
Tracks Loose Change
8%
Live in Dublin Love of the Common People
8%
The Ties that Bind Party Lights
8%
The Ties that Bind | Tracks Ricky Wants a Man of Her Own
8%
The Promise Save My Love
8%
L.A. Garage Sessions '83 | Tracks Shut out the Light
8%
Only the Strong Survive Soul Days
8%
The Promise Spanish Eyes
8%
The Ghost of Tom Joad Straight Time
8%
Twilight Hours Sunday Love
8%
Nebraska '82 | The Essential The Big Payback
8%
The Ghost of Tom Joad The New Timer
8%
High Hopes This Is Your Sword
8%
Live in Dublin This Little Light of Mine
8%
18 Tracks Trouble River
8%
Magic Tour Highlights Turn! Turn! Turn!
8%
Tracks Two for the Road
8%
Tracks Zero and Blind Terry
8%
Only the Strong Survive 7 Rooms of Gloom
6%
Faithless All God's Children
6%
Tracks Bishop Danced
6%
Perfect World Blind Man
6%
Nebraska '82 Child Bride
6%
Somewhere North of Nashville Delivery Man
6%
L.A. Garage Sessions '83 Don't Back Down
6%
Streets of Philadelphia Sessions Farewell Party
6%
The Essential | The Ties that Bind From Small Things (Big Things One Day Come)
6%
Tracks Goin' Cali
6%
Nebraska '82 Gun in Every Home
6%
The Essential | The Ties that Bind Held up Without a Gun
6%
Only the Strong Survive Hey, Western Union Man
6%
Perfect World If I Could Only Be Your Lover
6%
Only the Strong Survive I Forgot to Be Your Lover
6%
Only the Strong Survive I Wish It Would Rain
6%
Tracks Man at the Top
6%
The Ties that Bind | Tracks Mary Lou
6%
Streets of Philadelphia Sessions Maybe I Don't Know You
6%
The Ties that Bind Night Fire
6%
The Ties that Bind Stray Bullet
6%
Streets of Philadelphia Sessions The Little Things
6%
Only the Strong Survive The Sun Ain't Gonna Shine Anymore
6%
Tracks Trouble in Paradise
6%
Only the Strong Survive Turn Back the Hands of Time
6%
Streets of Philadelphia Sessions Waiting on the End of the World
6%
Inyo When I Build My Beautiful House
6%
Tracks When You Need Me
6%
Blood Brothers Without You
6%
Chapter and Verse You Can't Judge a Book by the Cover (The Castiles)
6%
Somewhere North of Nashville You're Gonna Miss Me When I'm Gone
6%
Magic Tour Highlights Always a Friend
5%
Perfect World Another Thin Line
5%
Only the Strong Survive Any Other Way
5%
Chapter and Verse Baby I (The Castiles)
5%
Somewhere North of Nashville Blue Highway
5%
The Ties that Bind Chain Lightning
5%
Twilight Hours Dinner at Eight
5%
L.A. Garage Sessions '83 Fugitives Dream
5%
L.A. Garage Sessions '83 Fugitive's Dream (Ballad)
5%
Faithless God Sent You
5%
The Promise Gotta Get That Feeling
5%
Perfect World Idiot's Delight
5%
Tracks Leavin' Train
5%
Tracks Lion's Den
5%
Tracks My Lover Man
5%
The Essential None but the Brave
5%
Streets of Philadelphia Sessions One Beautiful Morning
5%
L.A. Garage Sessions '83 One Love
5%
The Promise One Way Street
5%
Nebraska '82 On the Prowl
5%
Tracks Seven Angels
5%
Perfect World The Great Depression
5%
Tracks The Honeymooners
5%
The Promise The Little Things (My Baby Does)
5%
Inyo The Lost Charro
5%
Somewhere North of Nashville Tiger Rose
5%
Tracks Wages of Sin
5%
Streets of Philadelphia Sessions We Fell Down
5%
Only the Strong Survive When She Was My Girl
5%
Tracks When the Lights Go Out
5%
The Ties that Bind Whitetown
5%
Faithless A Prayer by the River (instrumental)
3%
Streets of Philadelphia Sessions Between Heaven and Earth
3%
Tracks Bring on the Night
3%
Perfect World Cutting Knife
3%
Somewhere North of Nashville Detail Man
3%
L.A. Garage Sessions '83 Don't Back Down on Our Love
3%
Tracks Gave It a Name
3%
Tracks Give the Girl a Kiss
3%
Twilight Hours High Sierra
3%
Perfect World I'm Not Sleeping
3%
Inyo Indian Town
3%
The Promise It's a Shame
3%
L.A. Garage Sessions '83 Jim Deer
3%
L.A. Garage Sessions '83 Little Girl Like You
3%
The Ties that Bind Little White Lies
3%
Twilight Hours Lonely Town
3%
Nebraska '82 Losin' Kind
3%
The Ties that Bind Mr. Outside
3%
Tracks Over the Rise
3%
Somewhere North of Nashville Poor Side of Town
3%
L.A. Garage Sessions '83 Seven Tears
3%
Somewhere North of Nashville Silver Mountain
3%
Streets of Philadelphia Sessions Something in the Well
3%
L.A. Garage Sessions '83 Sugarland
3%
The Promise Talk to Me
3%
Inyo The Aztec Dance
3%
Faithless The Desert (instrumental)
3%
The Ties that Bind The Man Who Got Away
3%
Twilight Hours Two of Us
3%
Somewhere North of Nashville Under a Big Sky
3%
Faithless Where You Going, Where You From
3%
Perfect World You Lifted Me Up
3%
Twilight Hours Another You
2%
L.A. Garage Sessions '83 Black Mountain Ballad
2%
Inyo El Jardinero (Upon the Death of Ramona)
2%
Twilight Hours Follow the Sun
2%
Twilight Hours Late in the Evening
2%
Faithless Let Me Ride
2%
Inyo One False Move
2%
Inyo Our Lady of Monroe
2%
L.A. Garage Sessions '83 Richfield Whistle
2%
Twilight Hours September Kisses
2%
Twilight Hours Sunliner
2%
The Ties that Bind The Time That Never Was
2%
Faithless The Western Sea (instrumental)
2%
Faithless Goin' to California
0%
No matching quizzes found
Score Distribution
Percent of People with Each Score
Percentile by Number Answered
Your Score History
You have not taken this quiz since the last reset